The last refuge /

Bibliographic Details
Main Author: Petty, John, 1919-1973
Format: Book
Language:English
Published: London : Ronald Whiting & Wheaton, 1966.

MARC

Tag First Indicator Second Indicator Subfields
LEADER 00000cam a2200000 i 4500
001 in00000052067
005 20160209085912.0
008 800423s1966 enk 00011 eng d
035 |a (OCoLC)06238376 
035 |9 AAF4566AM 
040 |a TXA  |c TXA  |d UtOrBLW 
049 |a TXAS  |c [1101559] 
090 |a PZ4.P4899  |b La 
100 1 |a Petty, John,  |d 1919-1973. 
245 1 4 |a The last refuge /  |c John Petty. 
264 1 |a London :  |b Ronald Whiting & Wheaton,  |c 1966. 
300 |a 204 pages ;  |c 21 cm. 
336 |a text  |b txt  |2 rdacontent 
337 |a unmediated  |b n  |2 rdamedia 
338 |a volume  |b nc  |2 rdacarrier 
999 |a MARS 
999 f f |s 554039ca-eace-31f6-a904-dd68db583e9c  |i ddad2acf-5b66-3016-b50d-a60b9afce589  |t 0 
952 f f |p noncirc  |a Texas A&M University  |b College Station  |c Cushing Memorial Library & Archives  |d Cushing: Science Fiction (Does not check out)  |t 0  |e PZ4.P4899 La  |h Library of Congress classification  |i unmediated -- volume  |m A14800448938 
998 f f |a PZ4.P4899 La  |t 0  |l Cushing: Science Fiction (Does not check out)